Chemistry: the molecular science (0 03 032011 9)
Gorde:
| Egile nagusia: | |
|---|---|
| Formatua: | Liburua |
| Hizkuntza: | Undetermined |
| Argitaratua: |
Hacourt College publishers
2001
|
| Etiketak: |
Etiketa erantsi
Etiketarik gabe, Izan zaitez lehena erregistro honi etiketa jartzen!
|
| Thư viện lưu trữ: | Trung tâm Học liệu Trường Đại học Cần Thơ |
|---|
| LEADER | 00452nam a2200145Ia 4500 | ||
|---|---|---|---|
| 001 | CTU_49394 | ||
| 008 | 210402s9999 xx 000 0 und d | ||
| 082 | |a 541.22 | ||
| 082 | |b M821 | ||
| 100 | |a JOHN W MOORE | ||
| 245 | 0 | |a Chemistry: the molecular science (0 03 032011 9) | |
| 245 | 0 | |c JOHN W MOORE, Conrad L. Stanitski, Peterr C. Jurs | |
| 260 | |b Hacourt College publishers | ||
| 260 | |c 2001 | ||
| 980 | |a Trung tâm Học liệu Trường Đại học Cần Thơ | ||